| 000 | 00787nam a22002057a 4500 | ||
|---|---|---|---|
| 999 |
_c7999 _d7999 |
||
| 001 | 21504 | ||
| 003 | BD-DhUAP | ||
| 005 | 20220115112207.0 | ||
| 008 | 220109b20142018bg |||| |||| 001 0bben d | ||
| 020 | _a9789847320045 | ||
| 040 |
_aBD-DhUAP _bBEN _cBD-DhUAP _dBD-DhUAP _eBD-DhUAP |
||
| 082 |
_223 _a079.5492 SON V-1 |
||
| 245 |
_aসংবাদপএে বঙ্গবন্ধু : _bপঞ্চাশের দশক, প্রথম পব / |
||
| 260 |
_aঢাকা : _bপ্রেস ইনস্টিটিউট ; _c২০১৮ । |
||
| 300 |
_aপ্রথম খন্ড, ৩৮৪ পৃষ্ঠা: _c২২ সে.মি. । |
||
| 504 | _aIndex Present. | ||
| 650 |
_xHistory _zBangladesh. |
||
| 700 | _aআলমগীর ,মো: শাহ । | ||
| 942 |
_2ddc _cBK |
||